<The> Link between Innovation Capability and Competitiveness in Context of EU27

Vzťah medzi inovačnou schopnosťou a konkurencieschopnosťou v krajinách EÚ 27 na základe široko používaného zloženého ukazovateľa národnej konkurencieschopnosti - indexu globálnej konkurencieschopnosti.

Enregistré dans:
Détails bibliographiques
Auteur principal: Bérešová, Juliana, 1996-
Format: Chapitre de livre
Langue:anglais
Sujets:
Tags: Ajouter un tag
Pas de tags, Soyez le premier à ajouter un tag!

MARC

LEADER 00000naa a2200000 4500
001 0271688
005 20240502074302.0
041 0 |a eng 
044 |a SK 
245 1 0 |a <The> Link between Innovation Capability and Competitiveness in Context of EU27  |c Juliana Bérešová 
520 |a Vzťah medzi inovačnou schopnosťou a konkurencieschopnosťou v krajinách EÚ 27 na základe široko používaného zloženého ukazovateľa národnej konkurencieschopnosti - indexu globálnej konkurencieschopnosti. 
610 2 0 |a inovácia 
610 2 0 |a konkurencieschopnosť 
610 2 0 |a index globálnej konkurencieschopnosti 
610 2 0 |a Európska únia 
100 1 |a Bérešová, Juliana, 1996-